LEADER 01518nam a2200301 u 4500 001 000000036628 003 CaOOAMICUS 005 20070226112724.0 008 980327s1921 it u000 u lat u 035 $a10787740 040 $aPUL(R)$bita$dPUL(R) 100 1 $aBlat, Alberto,$cO.P.$0(OLS)http://pul/name/26944 245 10$aCommentarium textus Codicis iuris canonici.$nLiber I,$pNormae generales /$cauctore Alberto Blat. 246 30$aNormae generales 260 $aRomae :$bex Typographia Pontificia in Instituto Pii IX,$c1921. 300 $axi, 204 p. ;$c23 cm 500 $aComprende indici. 500 $aSul front.: "Praevio tractatu introductorio et appendice subsequente de legibus ac libris liturgicis". 504 $aBibliografia in nota. 630 04$aCodex iuris canonici.$0(OLS)http://pul/subject/4039 850 $aPUL 852 $aPUL$W1$xSL Diritto Canonico 3$y77$m262. 99 CAN.1 15.1$j50185$nBK-PRI$b $qDDC 21$B50185$CPULBib$Z2$F50185 $H341 $82 941 1 $a9 960 $aCodice di diritto canonico$94039 961 $aPrecedente collocazione abrasa su targhetta Bibliotheca Pont. Institutum Utriusque Iuris. Timbri: Bibliotheca Pontificium Institutum Utriusque Iuris. 996 $6245$aCommentarium textus Codicis iuris canonici.$nLiber I,$pNormae generales$9(OLS)http://pul/title/50024 996 $6246$aNormae generales$9(OLS)http://pul/title/50025 996 $6260$aRomae :$bex Typographia Pontificia in Instituto Pii IX$9(OLS)http://pul/publisher/63015 LEADER 01619nam a2200277 u 4500 001 000000063293 003 CaOOAMICUS 005 20070226121228.0 008 011023s1981 it u000 u ita u 035 $a10907514 040 $aPUL(R)$bita 245 00$aTommaso d'Aquino nel I centenario dell'enciclica "Aeterni Patris" :$batti del convegno organizzato a Roma dalla società internazionale Tommaso d'Aquino e dalla Pontificia Università "S. Tommaso d'Aquino" : Roma 15-16-17 novembre 1979. 260 $aRoma :$bSocietà internazionale s. Tommaso d'Aquino,$cstampa 1981. 300 $a319 p. ;$c25 cm 504 $aBibliografia in nota. 600 04$aThomas Aquinas,$cs.,$dc. 1225-1274.$0(OLS)http://pul/subject/448 610 24$aPapi (1878-1903 : Leo PP. XIII).$tAeterni Patris.$0(OLS)http://pul/subject/11316 710 2 $aSocietà internazionale Tommaso d'Aquino (SITA).$0(OLS)http://pul/name/22719 850 $aPUL 852 $aPUL$W1$xSL Religione 1$y3$m70 H 48$j82136$nBK-PRI$b $qStampati$B82136$CPULBib$Z2$F82136 $H $81 910 $aSITA (Società internazionale Tommaso d'Aquino) $922719 941 1 $a8 960 $aTommaso d'Aquino,$cs.,$d1225-1274$9448 961 $aINV: 48904 996 $6245$aTommaso d'Aquino nel I centenario dell'enciclica "Aeterni Patris" :$batti del convegno organizzato a Roma dalla società internazionale Tommaso d'Aquino e dalla Pontificia Università "S. Tommaso d'Aquino" : Roma 15-16-17 novembre 1979$9(OLS)http://pul/title/84418 996 $6260$aRoma :$bSocietà internazionale s. Tommaso d'Aquino$9(OLS)http://pul/publisher/70596